000 01257nam a2200313 a 4500
001 BRCA_7692
005 20190320205940.0
008 120827s2012 u--a######---#001-0#eng-#
020 _a9780300180718
040 _aDLC
_cDLC
_dDLC
041 _aeng
044 _au
050 4 _aG1549.M4
_b.P35 2012
245 1 0 _aPainting a map of sixteenth-century Mexico City
_bland, writing, and native rule
_cedited by Mary E. Miller and Barbara E. Mundy ; with essays by Dennis Carr ... [et al.].
260 _aNew Haven
_bBeinecke Rare Book & Manuscript Library, Yale University
_cc2012
300 _axv, 216 p.
_bil. (algunas a color), mapas
_c29 cm.
500 _aIncluye glosario de términos e índice alfabético
504 _aBibliografía: p. [197]-208
650 1 4 _aCartografía indígena
_xHistoria
_ySiglo XVI
_zMéxico
_919002
651 4 _aCiudad de México
_vMapas
_919003
651 4 _aCiudad de México
_vMapas
_xGeografía histórica
_919004
651 4 _aCiudad de México
_vMapas
_xHistoria
_9761
651 4 _aCiudad de México
_xAntigüedades
_914000
651 4 _aMéxico
_xCivilización
_ySiglo XVI
_919005
700 1 _aMiller, Mary E.
_eed.
_919006
700 1 _aMundy, Barbara E.
_eed.
_94821
700 1 _aCarr, Dennis
_919007
942 _2lcc
_cB
999 _c7366
_d7366